Największe miasta w Belgii - Statystyki

Ogólne statystyki
  • Ten quiz został rozwiązany 136 razy
  • Średni wynik to 6 z 10
Statystyki odpowiedzi
L.p. Liczba ludności Miasto % Poprawnych
5. 185 103 Bruksela
100%
1. 523 248 Antwerpia
92%
8. 118 284 Brugia
77%
4. 197 355 Liege
76%
2. 260 341 Gandawa
74%
3. 201 816 Charleroi
54%
9. 110 939 Namur
31%
7. 118 382 Anderlecht
25%
10. 101 396 Leuven
23%
6. 133 010 Schaarbeek
7%
Nie znaleziono quizów pasujących do podanych kryteriów
Rozkład punktacji
Procent ludzi z każdym wynikiem
Percentyl według liczby udzielonych odpowiedzi
Twoja historia wyników
Nie rozwiązałeś tego quizu